000 00334nam a2200121Ia 4500
008 230907s9999||||xx |||||||||||||| ||und||
082 _a621.51,LUD
100 _aLüdtke, Klaus H.
_9115273
245 0 _aProcess centrifugal compressors :
260 _aSpringer,
_bBerlin ; | New York :
_c2004
300 _axvii, 328 p. :
942 _cBK
999 _c597988
_d597988